000 00529nam a2200193Ia 4500
005 20260415160336.0
008 008 250505s9999 xx 000 0 eng d
037 _aTextual
040 _aFEDL
_beng
_cFEDL
041 _aeng
_2eng
084 _a737.454 BRO
_qFEDL
100 _aBrown C J
245 0 _aCoins of India
260 _aLondon, UK
_bOxford University Press
_c1922
300 _a120p.
490 _aThe Heritage of India
942 _cTEXL
_h737.454 BRO
999 _c1321882
_d1321882